A munkaviszony jogellenes megszüntetése a munkavállaló és a munkáltató részéről

Elmentve itt :
Bibliográfiai részletek
Szerző: Szabó Tímea
További közreműködők: Újvári József (Témavezető)
Dokumentumtípus: Szakdolgozat
Megjelent: 2005
Tárgyszavak:
Online Access:http://diploma.bibl.u-szeged.hu/28949
LEADER 00605nta a2200157 i 4500
001 dipl28949
005 20110706094324.0
008 110706s2005 hu om 0|| zxx d
040 |a SZTE Diploma Repozitórium  |b hun 
041 |a zxx 
100 1 |a Szabó Tímea 
245 1 2 |a A munkaviszony jogellenes megszüntetése a munkavállaló és a munkáltató részéről  |h [elektronikus dokumentum] /  |c Tímea Szabó 
260 |c 2005 
650 4 |a Jogi és igazgatási tanulmányok 
700 1 |a Újvári József  |e ths 
856 4 0 |u http://diploma.bibl.u-szeged.hu/id/eprint/28949/1/2005_szabo_timea_261_2005.pdf  |z Dokumentum-elérés